| 000 | 00876nac a22002891u 4500 | ||
|---|---|---|---|
| 999 |
_c264 _d264 |
||
| 003 | EG-ScBUE | ||
| 005 | 20210227115131.0 | ||
| 008 | 200219t2002 le f 000 1 eng d | ||
| 020 | _a9953105804 | ||
| 020 | _a978995310580 | ||
| 040 |
_aEG-ScBUE _beng _erda _cEG-ScBUE _dEG-ScBUE |
||
| 082 | 0 | 4 |
_a823 _bHAR _222 |
| 100 | 1 |
_aHardy, Thomas, _d1840-1928, _eauthor. |
|
| 245 | 1 | 0 |
_aJude the obscure : _bwith an introduction and summaries / _cThomas Hardy. |
| 264 | 1 |
_aBeirut : _bYork Press, _c[2002] |
|
| 264 | 4 | _cc2002 | |
| 300 |
_axi, 465 pages ; _c18 cm. |
||
| 336 |
_2rdacontent _atext _btxt |
||
| 337 |
_2rdamedia _aunmediated _bn |
||
| 338 |
_2rdacarrier _avolume _bnc |
||
| 490 | 0 | _aYork classics | |
| 650 | 7 |
_aEnglish fiction. _2BUEsh |
|
| 651 | _2BUEsh | ||
| 653 |
_bHHUUEENN _cFebruary2021 |
||
| 655 |
_vReading book _934232 |
||
| 942 |
_cBB _k823H268 _2ddc |
||